Tous les personnages de Ninjago (difficile) - Statistiques

Statistiques générales
  • Ce quiz a été pris 1 873 fois
  • Le résultat moyen est 34 sur 237
Statistiques - réponses
Indications Noms % Correct
Ninjas Kai
98%
Cole
97%
Jay
97%
Zane
96%
Nya
95%
Lloyd
93%
Garmadon
85%
Anciens Maîtres élémentaires Wu
77%
Parents de Lloyd Misako
65%
Serpent géant Le Grand Dévoreur
63%
Fantômes Morro
63%
Tribu Anacondra Pythor
59%
P.I.X.A.L.
56%
Maîtres élémentaires Skylor
54%
Cultistes Anacondra Chen
52%
Maya
49%
Parents de Kai et Nya Ray
48%
Ed
47%
Edna
45%
Industrie Borg Cyrus Borg
44%
Fils de Garmadon Harumi
44%
Pirates du Ciel Nadakhan
41%
Equipage du capitaine Soto Soto
41%
Acronix
40%
Krux
40%
Dareth
39%
Parent de Zane Dr. Julien
38%
Temple hanté Kodokuna Yang
38%
Tribu Hypnobrai Skales
38%
Overlord
37%
Squelettes Samukai
34%
Lilly
32%
Ultra Violet
32%
Karloff
28%
Ash
27%
Tox
27%
Ninjas Remplaçants Ronan
26%
Shadow
26%
Min-Droïd
25%
Neuro
25%
Nindroïds Cryptor
24%
Parents de Cole Lou
24%
Clouse
23%
Premier Empire Unagami
23%
Métamorphes Akita
22%
Confiance/Heavy Metal
22%
Onis L'Oméga
22%
Vania
22%
Vipères de feu Aspheera
21%
Bolobo
21%
Griffin Turner
21%
Mistaké
21%
Mr.E
21%
Shintaro Vangelis/Sorcier au Crâne
21%
Camille
20%
Echo Zane
20%
Distributeurs de journaux Nelson
20%
Arcturus
19%
Gravis
19%
Chasseurs de Dragons Iron Baron
18%
Jacob Pevsner
18%
Kalmaar
18%
Vex
18%
Killow
17%
Okino
16%
Cyrus
15%
Doubloon
15%
Guerriers de pierre Kozu
15%
Robot-Singe
15%
Benthomaar
14%
Parents de Jay Cliff Gordon (Fritz Donnegan)
14%
Clancee
13%
Clutch Powers
13%
Flintlocke
13%
Ghoultar
13%
Kryptarium Le Mécanicien
13%
Le bien et le mal Le Premier Maître du Spinjitzu
13%
Kruncha
12%
Tribu Venomari Acidicus
11%
Bansha
11%
Tribu Fangpyre Fangtom
11%
Dragons Firstbourne
11%
Paleman
11%
Rocky
11%
Wooo
11%
Dogshank
10%
Kataru
10%
Créateur de Premier Empire Milton Dyer
10%
Nuckal
10%
Scott
10%
Skales Jr.
10%
Sorla
10%
Soul Archer
10%
Delara
9%
Le Commissaire
9%
Armée Vermillion Machia
9%
Antonia
8%
Char
8%
Eyezor
8%
Royaume des nuages Fenwick
8%
Gene
8%
Tribu Constrictor Skalidor
8%
Vinny Folson
8%
Adam
7%
Ice
7%
Jet Jack
7%
La Très Puissante/Le Très Puissant
7%
Pete l'aveugle
7%
Wojira
7%
Wyplash
7%
Darkley Brad Tudabone
6%
NGTV Gayle Gossip
6%
A donner son nom à une jungle Hiroshi
6%
Murt
6%
Pilote Numéro 7
6%
Slithraa
6%
Blunck
5%
Pirates du Ciel Bucko
5%
Chope/Chop'rai
5%
Fangdam
5%
Fang-Suei
5%
Palais de jade Hutchins
5%
Kapau/Kapu'rai
5%
Korgran
5%
Krag
5%
Krazi
5%
Lasha
5%
Mezmo
5%
Snappa
5%
Bonezai
4%
Bytar
4%
Chopov
4%
Cyren
4%
Daddy No Legs
4%
Guerrier de pierre géant
4%
Jimmy
4%
Armée de l'Empereur de Glace L'Empereur de Glace
4%
Lizaru
4%
Maîtresse de la foudre
4%
Gardiens Mammatus
4%
Plundar
4%
Raggmunk
4%
Rattla
4%
Spitta
4%
Merlopians Trimaar
4%
Zugu
4%
Club des explorateurs Cecil Putnam
3%
Chew Toy
3%
Chokun
3%
Flame
3%
Frakjaw
3%
Fugi-Dove
3%
Les Haut-nis Fungus
3%
Gleck
3%
Glutinous
3%
Grief-Bringer
3%
Maaray Gripe
3%
Geckles Gulch
3%
Djinns Khanjikhan
3%
Krait
3%
Luke Cunningham
3%
Mambo V
3%
Munce Murtessa
3%
Muzzle
3%
Nimbus
3%
Selma
3%
Serpent Anacondra
3%
Snike
3%
Sqiffy
3%
Tommy
3%
Visières Rouges
3%
Wisp
3%
Wrayth
3%
Arkade
2%
Attila
2%
Boréal
2%
Cowler
2%
Elèves de senseï Yang
2%
Fantômes hurleurs
2%
Finn
2%
Royaume de Non-Retour Grimfax
2%
Hackler
2%
Hailmar
2%
Armée du Sorcier au Crâne Hazza D'ur
2%
Ming
2%
Nobu
2%
Pitch
2%
PoulErik
2%
Sally
2%
Shard
2%
Simon
2%
Sleven
2%
Spyder
2%
Tai-D
2%
Vermin
2%
Yokai
2%
Archers du blizzard
1%
Boma
1%
Chompy
1%
Chopper Maroon
1%
Colossus
1%
Engelbert
1%
Ghurka
1%
Howla
1%
Inventions du Dr. Julien Juggernaut
1%
Leroy
1%
Les Réveillés
1%
Marla
1%
Mohawk
1%
Nails
1%
Noble
1%
Noonan
1%
O'Doyle
1%
Otto
1%
Pyrrhus
1%
Rivett
1%
Ninjago Doomsday Comix Rufus McCallister
1%
Sammy
1%
Samouraïs du blizzard
1%
Scar
1%
Slackjaw
1%
Tannin
1%
Uthaug
1%
Wail
1%
Butchie
0%
Dan Vaapit
0%
Fred Finely
0%
Garpo
0%
Ginkle
0%
Gliff
0%
Groko
0%
Percy Shippelton
0%
Skip Vicious
0%
Slab
0%
Smythe
0%
Underhill
0%
Aucun quiz correspondant
Distribution des résultats
% des personnes avec chaque résultat
Percentile par nombre de réponses
Votre historique - résultats
Vous n’avez pas pris ce quiz